Countries of the World (Redux) Quiz Stats

 Plays Quiz Updated Feb 13, 2019

Support Sporcle.
Go Orange.
Score 0/197 Timer 05:00
125 Plays Today
% Correct
???
25.9%
???
25.9%
???
25.8%
???
25.8%
???
25.8%
???
25.7%
???
25.7%
???
25.7%
???
25.7%
???
25.7%
???
25.6%
???
25.6%
???
25.6%
???
25.6%
???
25.6%
???
25.6%
???
25.6%
???
25.6%
???
25.6%
???
25.5%
???
25.5%
???
25.5%
???
25.5%
???
25.5%
???
25.5%
???
25.4%
???
25.4%
???
25.4%
???
25.4%
???
25.4%
???
25.4%
???
25.4%
???
25.3%
???
25.3%
???
25.3%
???
25.3%
???
25.3%
???
25.3%
???
25.3%
???
25.2%
???
25.2%
???
25.2%
???
25.2%
???
25.2%
???
25.1%
???
25%
???
25%
???
24.9%
???
24.9%
???
24.9%
???
24.9%
???
24.9%
???
24.9%
???
24.9%
???
24.9%
???
24.8%
???
24.8%
???
24.7%
???
24.7%
???
24.7%
???
24.6%
???
24.6%
???
24.6%
???
24.6%
???
24.6%
???
24.6%
% Correct
???
24.6%
???
24.6%
???
24.6%
???
24.5%
???
24.5%
???
24.5%
???
24.5%
???
24.4%
???
24.4%
???
24.4%
???
24.3%
???
24.3%
???
24.2%
???
24.3%
???
24.2%
???
24.1%
???
24.1%
???
24.1%
???
24.1%
???
24.1%
???
24%
???
24%
???
24%
???
24%
???
23.9%
???
23.9%
???
23.9%
???
23.9%
???
23.9%
???
23.9%
???
23.8%
???
23.8%
???
23.8%
???
23.8%
???
23.7%
???
23.7%
???
23.7%
???
23.7%
???
23.7%
???
23.7%
???
23.7%
???
23.6%
???
23.6%
???
23.6%
???
23.5%
???
23.5%
???
23.5%
???
23.5%
???
23.4%
???
23.4%
???
23.3%
???
23.3%
???
23.2%
???
23.1%
???
23.1%
???
23.1%
???
23.1%
???
23%
???
23%
???
23%
???
23%
???
22.9%
???
22.8%
???
22.8%
???
22.7%
???
22.7%
% Correct
???
22.6%
???
22.6%
???
22.6%
???
22.5%
???
22.5%
???
22.4%
???
22.4%
???
22.3%
???
22.3%
???
22.1%
???
22.1%
???
22%
???
21.9%
???
21.8%
???
21.8%
???
21.8%
???
21.7%
???
21.6%
???
21.6%
???
21.5%
???
21.3%
???
21.2%
???
21.2%
???
21.1%
???
21%
???
20.9%
???
20.9%
???
20.9%
???
20.9%
???
20.7%
???
20.7%
???
20.5%
???
20.5%
???
20.4%
???
20.4%
???
20.3%
???
20.3%
???
20.2%
???
20.2%
???
20.2%
???
20.1%
???
20%
???
19.9%
???
19.8%
???
19.8%
???
19.6%
???
19.4%
???
19.3%
???
19.2%
???
19.1%
???
19%
???
18.8%
???
18.6%
???
18.4%
???
17.8%
???
17.5%
???
17.1%
???
17.1%
???
16.9%
???
16.8%
???
16.6%
???
16.4%
???
16.3%
???
16%
???
14.8%

From the Vault

20 Ways Not to Pick a 'Lock'

by timmylemoine1

Language 90s
Don't expect this quiz to teach you any new criminal skills.
Remove Ads.
Support Sporcle.
Get the best of Sporcle when you Go Orange. This ad-free experience offers more features, more stats, and more fun while also helping to support Sporcle. Thank you for becoming a member.

Show Comments

Extras

Top Quizzes Today


Score Distribution

Your Account Isn't Verified!

In order to create a playlist on Sporcle, you need to verify the email address you used during registration. Go to your Sporcle Settings to finish the process.

Report this User

Report this user for behavior that violates our Community Guidelines.

Details: